LEADER 01163nam a2200265 i 4500 001 000000155899 003 CaOOAMICUS 005 20061123000000.0 008 061123s1971 it u000 u ita u 013 $a133253 040 $aSeMil$bita 245 12$aL'opera pittorica completa di Holbein il Giovane /$cpresentazione di Roberto Salvini ; apparati critici e filologici di Hans Werner Grohn. 260 $aMilano :$bRizzoli,$c1971. 300 $a112 p. :$bill. ;$c32 cm. 490 0 $aClassici dell'arte ;$v50 500 $aContiene : Bibliografia essenziale. 650 4$aArte.$0(OLS)http://semarc/subject/1231 650 4$aPittura.$0(OLS)http://semarc/subject/471 700 1 $aGrohn, Hans Werner.$0(OLS)http://semarc/name/60963 700 1 $aSalvini, Roberto,$d<1912-1985>.$0(OLS)http://semarc/name/5247 830 0$aClassici dell'arte ;$v50.$0(OLS)http://semarc/title/529 850 $aSeMil 852 $aSeMil$W1$xVenegono$y1$m5L XI 50$j107725$B107725$CSeMilBibl$Z2$F117342 $81 996 $6245$aL'opera pittorica completa di Holbein il Giovane$9(OLS)http://semarc/title/228414 996 $6260$aMilano :$bRizzoli$9(OLS)http://semarc/publisher/29824 LEADER 01421nam a2200205 i 4500 001 000000235374 003 CaOOAMICUS 005 20230210124034.0 008 141105s1852 it u000 u ita u 040 $aSeMil$bita 100 1 $aRe, Antonio.$0(OLS)http://semarc/name/80502 245 13$aLa verità dell'avvenimento di La Salette del 19 settembre 1846, ovvero Rapporto presentato a Mons. vescovo di Grenoble :$bda due commissari incaricati di raccogliere e verificare i fatti comprovanti l'apparizione della B. Vergine a due pastorelle sulla montagna di La Salette, cantone di Corps (isère) /$cpubblicata per cura del cav. Antonio Re. 260 $aMilano :$bPirotta e C.,$c1852. 300 $aXXVI, 138 p., [1] c. di tav. topogr. ripieg. ;$c19 cm. 650 4$aMadonna - Apparizioni - La Salette-Fallavaux .$0(OLS)http://semarc/subject/15902 850 $aSeMil 852 $aSeMil$W1$xVenegono$y1$m3C I 103 FA$j185720$B185720$CSeMilBibl$Z2$F196623 $8I 996 $6245$aLa verità dell'avvenimento di La Salette del 19 settembre 1846, ovvero Rapporto presentato a Mons. vescovo di Grenoble :$bda due commissari incaricati di raccogliere e verificare i fatti comprovanti l'apparizione della B. Vergine a due pastorelle sulla montagna di La Salette, cantone di Corps (isère)$9(OLS)http://semarc/title/335624 996 $6260$aMilano :$bPirotta e C.$9(OLS)http://semarc/publisher/31219